| 000 | 00455nam a2200193Ia 4500 | ||
|---|---|---|---|
| 003 | 0100 | ||
| 008 | 130303s9999 xx 000 0 und d | ||
| 040 | _cARRUPELIB | ||
| 050 | _aBC135.W2B6 1964 | ||
| 100 | _aBlack, Max | ||
| 245 | 2 | _aA companion to Wittgenstein's Tractatus | |
| 260 | _aNew York | ||
| 260 | _bCornell University Press | ||
| 260 | _C1964 | ||
| 300 | _a451p. | ||
| 300 | _b 23 cm | ||
| 650 | _bPlato Phaedrus | ||
| 942 |
_2lcc _03 |
||
| 999 |
_c61724 _d61724 |
||